000 00825nam a22002657a 4500
001 6618
003 FISKH
005 20250513123945.0
008 250513b cb ||||| |||| 00| 0 eng d
020 _a9788956353234
040 _aFISKH
_beng
_cFISKH
_dFISKH
050 _aPZ8.B82 P2
082 _a821.8
100 _aBrowning, Robert
245 _aThe pied piper of Hamelin /
_cBrothers Grimm
260 _aSongpa-gu :
_be-Future,
_c2009.
300 _a18 pages :
_bcolor illustrations ;
_c21 cm
505 _aK
520 _aThe Pied Piper pipes the village free of rats, and when the villagers refuse to pay him for the service he exacts a terrible revenge.
521 8 _a510
_bLexile estimate
521 8 _aK
_bRaz-Plus
650 _aBritish literature
_vPoetry
942 _2ddc
_cBK
_n0
999 _c6618
_d6618